000 00728nam a22002177a 4500
001 88370
003 UA-OsUOA
005 20220501164425.0
007 ta
008 20121003b un ||||| |||| 00| 0 ukr d
040 _aUA-OsUOA
_brus
_cUA-OsUOA
_dUA-OsUOA
041 _arus
080 _a82.09(470+571+497.2)
090 _a82.09(470+571+497.2)
_bР89
245 _aРусско-болгарские фольклорные и литературные связи
_cпод. ред. Базанова В. Г.
_n1
260 _aЛенинград
_bНаука
_c1976
300 _a373 с.
650 7 _a82.09 Літературна критика. Літературні дослідження
_2UDC
942 _cBK
_2udc
955 _a1
999 _c374704
_d374704